[Event "OPEN A"]
[Site "?"]
[Date "2008.08.25"]
[Round "4.4"]
[White "Cerny, M."]
[Black "Sokol, R."]
[Result "1-0"]
[WhiteElo "2203"]
[BlackElo "1979"]
[PlyCount "41"]
[EventDate "2008.08.23"]
[SourceDate "2008.08.25"]

1. d4 d5 2. c4 c6 3. Nf3 Nf6 4. Nc3 e6 5. cxd5 exd5 6. Bg5 Be7 7. Qc2 Nbd7 8.
e3 O-O 9. Bd3 h6 10. Bf4 Re8 11. O-O Nf8 12. h3 Ne6 13. Be5 Bf8 14. Rab1 g6 15.
Bxg6 Bg7 16. Bd3 Bd7 17. b4 a6 18. Qe2 Qe7 19. Rfc1 Rec8 20. Rb2 Be8 21. Nh4
1-0

[Event "OPEN A"]
[Site "?"]
[Date "2008.??.??"]
[Round "4.5"]
[White "Pokorny, M."]
[Black "Herejk, P."]
[Result "1-0"]
[WhiteElo "2172"]
[BlackElo "2197"]
[PlyCount "121"]
[EventDate "2008.??.??"]

1. e4 c5 2. Nf3 d6 3. d4 cxd4 4. Nxd4 Nf6 5. Nc3 Nc6 6. Be2 e5 7. Nb3 Be6 8.
Be3 a5 9. Nd2 Rc8 10. Nc4 Nd4 11. Bxd4 Bxc4 12. Be3 Be7 13. Bxc4 Rxc4 14. f3
O-O 15. Qd3 Qc8 16. O-O Rd8 17. Rfd1 Qc6 18. Rac1 Rc8 19. Kf1 h6 20. Rd2 Rb4
21. Nd1 a4 22. c3 Rb5 23. c4 Ra5 24. Rdc2 Qa6 25. Bd2 Rac5 26. Ne3 Bf8 27. Ke2
g6 28. Bb4 R5c6 29. Rc3 h5 30. Nd5 Nd7 31. R1c2 Qa7 32. Qe3 Qd4 33. b3 axb3 34.
axb3 Qxe3+ 35. Nxe3 Be7 36. Ra2 Nf8 37. Ra7 Rb8 38. Nd5 Bd8 39. Rd3 Ne6 40. Bc3
Nc5 41. Rd1 Nxb3 42. Rb1 Nc5 43. Rb5 Ra6 44. Rxa6 Nxa6 45. Bb4 Bc7 46. Nxc7
Nxc7 47. Bxd6 Nxb5 48. Bxb8 Nd4+ 49. Kd3 Nc6 50. Bd6 f6 51. c5 Kf7 52. Kc4 Ke6
53. Kb5 Na7+ 54. Kb6 Nc8+ 55. Kc7 b5 56. Kxc8 b4 57. c6 Kxd6 58. c7 b3 59. Kd8
b2 60. c8=Q b1=Q 61. Qc7+ 1-0

[Event "Open A"]
[Site "?"]
[Date "2008.08.25"]
[Round "4.6"]
[White "Petrun, M."]
[Black "Vanka, M."]
[Result "1/2-1/2"]
[WhiteElo "1923"]
[BlackElo "2184"]
[PlyCount "63"]
[EventDate "2008.??.??"]
[SourceDate "2008.08.25"]

1. e4 c5 2. Nf3 Nc6 3. d4 cxd4 4. Nxd4 e5 5. Nb5 d6 6. N1c3 a6 7. Na3 Be6 8.
Nc4 Rc8 9. Ne3 Nf6 10. Be2 Be7 11. O-O O-O 12. Kh1 Qc7 13. f4 exf4 14. Ned5
Bxd5 15. exd5 Ne5 16. Bxf4 Nfd7 17. Qe1 Ng6 18. Qg3 Bh4 19. Qh3 Bf6 20. Bg4
Rcd8 21. Ne4 Nxf4 22. Rxf4 Be5 23. Bf5 g6 24. Rh4 Nf6 25. Rf1 Nxe4 26. Bxe4 f5
27. Bd3 Bxb2 28. Rb1 Bf6 29. Rhb4 Rb8 30. Qg3 Be5 31. Qf2 Bc3 32. Qb6 1/2-1/2

[Event "OPEN A"]
[Site "?"]
[Date "2008.08.25"]
[Round "4.7"]
[White "Fojtu, P."]
[Black "Koper, S."]
[Result "1/2-1/2"]
[WhiteElo "2176"]
[BlackElo "2007"]
[PlyCount "48"]
[EventDate "2008.08.23"]
[SourceDate "2008.08.25"]

1. d4 d6 2. c4 g6 3. Nc3 Bg7 4. g3 Nc6 5. Nf3 Nf6 6. Bg2 O-O 7. O-O Bf5 8. Nh4
Bc8 9. Rb1 e5 10. d5 Ne7 11. b4 Nh5 12. e4 c6 13. dxc6 Nxc6 14. Nb5 Nd4 15.
Nxd4 exd4 16. Bb2 Be6 17. Qd3 Rc8 18. Rfc1 b5 19. cxb5 Rxc1+ 20. Rxc1 Bxa2 21.
Qa3 Be6 22. Qxa7 Nf4 23. gxf4 Qxh4 24. Bxd4 Qxf4 1/2-1/2

[Event "Open A"]
[Site "?"]
[Date "2008.08.25"]
[Round "4.8"]
[White "Voracek, Z."]
[Black "Kozak, M."]
[Result "1-0"]
[WhiteElo "2059"]
[BlackElo "2209"]
[PlyCount "61"]
[EventDate "2008.??.??"]
[SourceDate "2008.08.25"]

1. d4 Nf6 2. c4 g6 3. Nc3 Bg7 4. e4 d6 5. f3 O-O 6. Be3 e5 7. Nge2 c6 8. Qd2
Nbd7 9. Rd1 a6 10. Nc1 exd4 11. Bxd4 b5 12. Be3 b4 13. Na4 d5 14. cxd5 cxd5 15.
exd5 Qa5 16. b3 Re8 17. Kf2 Bb7 18. Bc4 Rac8 19. a3 Rxc4 20. bxc4 Qxa4 21. Qxb4
Qxb4 22. axb4 Ne5 23. Rd4 Rc8 24. c5 Nxd5 25. Rhd1 Rd8 26. Nb3 f5 27. Na5 Ba8
28. c6 f4 29. Bxf4 Bxc6 30. Nxc6 Nxc6 31. Rxd5 1-0

[Event "Open A"]
[Site "?"]
[Date "2008.08.25"]
[Round "4.10"]
[White "Vavrinec, T."]
[Black "Hosticka, F."]
[Result "0-1"]
[WhiteElo "2172"]
[BlackElo "2151"]
[PlyCount "52"]
[EventDate "2008.??.??"]
[SourceDate "2008.08.25"]

1. d4 b5 2. e4 a6 3. Nf3 Nf6 4. Bd3 Bb7 5. Qe2 e6 6. Nbd2 c5 7. dxc5 Bxc5 8. e5
Nd5 9. Ne4 Be7 10. Bg5 f6 11. exf6 Nxf6 12. h4 Qc7 13. Nfd2 Nc6 14. Bxf6 gxf6
15. Qh5+ Kd8 16. Qh6 f5 17. Qg7 Qe5 18. Qxe5 Nxe5 19. Ng5 Bxg2 20. Rg1 Bd5 21.
f4 Nxd3+ 22. cxd3 Kc7 23. a3 Kb7 24. Ke2 h6 25. Nf7 Rh7 26. Ne5 Bxh4 0-1

[Event "OPEN A"]
[Site "?"]
[Date "2008.08.25"]
[Round "4.11"]
[White "Lizner, M."]
[Black "Postupa, P."]
[Result "1-0"]
[WhiteElo "2050"]
[BlackElo "2139"]
[PlyCount "55"]
[EventDate "2008.08.23"]
[SourceDate "2008.08.25"]

1. e4 c5 2. Nf3 d6 3. c3 Nf6 4. Bc4 e6 5. Qe2 Nc6 6. Bb3 Be7 7. d4 O-O 8. O-O
cxd4 9. cxd4 e5 10. d5 Nb8 11. h3 Ne8 12. Nc3 g6 13. Bh6 Ng7 14. Rac1 f5 15.
Nxe5 Bf6 16. Nd3 Re8 17. Qd2 Qb6 18. Kh2 Bd7 19. Be3 Bd4 20. Rfe1 fxe4 21. Nxe4
Bxe3 22. Qxe3 Qd8 23. Qf4 Nf5 24. Nxd6 Rf8 25. Nxf5 Rxf5 26. Qd4 Be8 27. d6+
Bf7 28. Re7 1-0

[Event "OPEN A"]
[Site "?"]
[Date "2008.??.??"]
[Round "4.12"]
[White "Musil, V."]
[Black "Vojta, P."]
[Result "0-1"]
[WhiteElo "2039"]
[BlackElo "2137"]
[PlyCount "74"]
[EventDate "2008.??.??"]

1. e4 c5 2. Nf3 d6 3. d4 cxd4 4. Nxd4 Nf6 5. Nc3 a6 6. Bg5 e6 7. Bc4 Be7 8. Qf3
Qc7 9. Bb3 Bd7 10. O-O-O Nc6 11. Rhe1 O-O 12. Qg3 Kh8 13. f4 b5 14. e5 dxe5 15.
fxe5 Ng8 16. Ne4 Nxd4 17. Rxd4 Bc6 18. Bxe7 Nxe7 19. Ng5 Nf5 20. Qh3 h6 21. Rf4
Qe7 22. Nf3 Bxf3 23. Rxf3 Rad8 24. Kb1 Qg5 25. a3 Rd2 26. g4 Nd4 27. Rfe3 a5
28. a4 b4 29. Qg3 Rc8 30. Re4 Nxc2 31. h4 Qd8 32. Rc1 Rd1 33. Bxc2 Qd2 34. Rxd1
Qxc2+ 35. Ka2 Qxa4+ 36. Qa3 Qxd1 37. Qxa5 Rc1 0-1

[Event "OPEN A"]
[Site "?"]
[Date "2008.??.??"]
[Round "4.13"]
[White "Postupa, M."]
[Black "Ruzicka, Z."]
[Result "0-1"]
[WhiteElo "1978"]
[BlackElo "2112"]
[PlyCount "102"]
[EventDate "2008.??.??"]

1. e4 c5 2. Nc3 e6 3. g3 d5 4. exd5 exd5 5. d3 Be7 6. Bg2 Nf6 7. Nf3 O-O 8. O-O
d4 9. Ne2 Nc6 10. Re1 Re8 11. Bg5 h6 12. Bxf6 Bxf6 13. Nf4 Rxe1+ 14. Qxe1 Bf5
15. Qd2 Qd6 16. h4 Rd8 17. Re1 b6 18. a4 g6 19. b3 Bg7 20. Qe2 Bd7 21. Nd2 Re8
22. Qd1 Rxe1+ 23. Qxe1 Qe5 24. Nf3 Qxe1+ 25. Nxe1 Nb4 26. Nd5 Nxd5 27. Bxd5 Kf8
28. Kf1 Ke7 29. Ke2 Be8 30. Nf3 f5 31. Ne1 g5 32. hxg5 hxg5 33. f3 Be5 34. Kf2
Kd6 35. Bb7 Bd7 36. Ng2 f4 37. g4 b5 38. axb5 Bxb5 39. Ke2 Bf6 40. Ne1 Bd8 41.
c4 dxc3 42. Nc2 Ba5 43. Be4 Bb4 44. Kd1 a5 45. Kc1 Be8 46. Kb1 Bf7 47. Ka2 a4
48. Na1 axb3+ 49. Nxb3 c2 50. Kb2 Bxb3 51. d4 Ba3+ 0-1

[Event "OPEN A"]
[Site "?"]
[Date "2008.08.25"]
[Round "4.14"]
[White "Skokan, F."]
[Black "Fojtu, J."]
[Result "0-1"]
[WhiteElo "1747"]
[BlackElo "2105"]
[PlyCount "72"]
[EventDate "2008.08.23"]
[SourceDate "2008.08.25"]

1. e4 c5 2. Nf3 Nc6 3. d4 cxd4 4. Nxd4 Nf6 5. Nc3 d6 6. Be2 e6 7. Be3 Be7 8.
O-O O-O 9. f4 a6 10. Qe1 Qc7 11. Qg3 Kh8 12. Kh1 Rb8 13. Rad1 b5 14. Nxc6 Qxc6
15. e5 dxe5 16. fxe5 Nd7 17. Bd3 Nc5 18. Bxc5 Qxc5 19. Ne4 Qc7 20. Qh3 h6 21.
Qh5 Kg8 22. Rf3 g6 23. Qxh6 Qxe5 24. Rdf1 Qg7 25. Qe3 f5 26. Ng5 e5 27. Nh3 e4
28. Bxe4 fxe4 29. Qb3+ Kh8 30. Rxf8+ Bxf8 31. Rf7 Qh6 32. Ng5 Be6 33. Qxe6 Qxg5
34. Qh3+ Qh5 35. Qc3+ Kg8 36. Rf1 Bg7 0-1

[Event "Open A"]
[Site "?"]
[Date "2008.08.25"]
[Round "4.15"]
[White "Skala, J."]
[Black "Pataradis, J."]
[Result "1-0"]
[WhiteElo "2084"]
[BlackElo "2000"]
[PlyCount "87"]
[EventDate "2008.??.??"]

1. e4 e5 2. Nf3 Nc6 3. Bc4 Be7 4. d4 d6 5. c3 Nf6 6. Qc2 h6 7. Be3 Ng4 8. O-O
Na5 9. Bb5+ c6 10. Bd3 Nxe3 11. fxe3 Be6 12. Nbd2 b6 13. b4 Nb7 14. dxe5 dxe5
15. Nxe5 Qc7 16. Nef3 O-O 17. Bc4 Bxc4 18. Nxc4 c5 19. b5 Nd6 20. Nxd6 Qxd6 21.
Rad1 Qe6 22. Rd5 Rfd8 23. Rfd1 Rxd5 24. Rxd5 Rd8 25. Qd3 Re8 26. c4 g5 27. Ne5
Bf6 28. Nd7 Bg7 29. e5 Qg4 30. a4 Qh4 31. g3 Qh3 32. e4 Qe6 33. Qf3 Qh3 34. Qf5
Qh5 35. Rd2 Qg6 36. Rd5 Qh5 37. Qf1 Qg4 38. Qd3 Qh3 39. Nf6+ Bxf6 40. exf6 Qe6
41. e5 Qc8 42. Rd6 Qc7 43. e6 Qxd6 44. exf7+ 1-0

[Event "OPEN A"]
[Site "?"]
[Date "2008.08.25"]
[Round "4.16"]
[White "Straka, V."]
[Black "Skacel, J."]
[Result "1/2-1/2"]
[WhiteElo "1978"]
[BlackElo "2062"]
[PlyCount "76"]
[EventDate "2008.08.23"]
[SourceDate "2008.08.25"]

1. d4 Nf6 2. c4 g6 3. Nc3 Bg7 4. e4 d6 5. Nf3 O-O 6. Be2 e5 7. d5 Nbd7 8. Bg5
h6 9. Bh4 g5 10. Bg3 Nc5 11. Nd2 a5 12. O-O Ne8 13. f3 f5 14. exf5 Bxf5 15.
Nde4 b6 16. Nxc5 bxc5 17. Bd3 Qd7 18. Qc2 Rb8 19. Rab1 Bxd3 20. Qxd3 Nf6 21. b3
Nh5 22. Be1 g4 23. Qg6 Nf4 24. Qxg4 Qxg4 25. fxg4 e4 26. Bg3 Bxc3 27. Rxf4 Rfe8
28. Kf1 a4 29. Ke2 Ra8 30. Be1 Bd4 31. b4 a3 32. Rb3 Ra4 33. Bc3 Bxc3 34. Rxc3
Rxb4 35. Ke3 Rb2 36. Rxa3 Rxg2 37. Rxe4 Rxe4+ 38. Kxe4 Rxg4+ 1/2-1/2

[Event "OPEN A"]
[Site "?"]
[Date "2008.08.25"]
[Round "4.17"]
[White "Groh, J."]
[Black "Macek, K."]
[Result "1/2-1/2"]
[WhiteElo "2186"]
[BlackElo "1959"]
[PlyCount "42"]
[EventDate "2008.08.23"]
[SourceDate "2008.08.25"]

1. c4 e5 2. g3 Nf6 3. Bg2 d5 4. cxd5 Nxd5 5. Nf3 Nc6 6. O-O Be7 7. d4 exd4 8.
Nxd4 Nxd4 9. Qxd4 Nf6 10. Qa4+ c6 11. Rd1 Qb6 12. Na3 O-O 13. Nc4 Qc5 14. Be3
Qh5 15. Nb6 axb6 16. Qxa8 Ng4 17. Bxb6 Qxh2+ 18. Kf1 Ne3+ 19. fxe3 Bh3 20. Qa4
Qxg2+ 21. Ke1 Qxg3+ 1/2-1/2

[Event "OPEN A"]
[Site "?"]
[Date "2008.??.??"]
[Round "4.8"]
[White "Hadrava, J."]
[Black "Soural, J."]
[Result "1/2-1/2"]
[WhiteElo "2011"]
[BlackElo "2285"]
[PlyCount "108"]
[EventDate "2008.??.??"]

1. b3 e5 2. Bb2 d6 3. e3 Nf6 4. d4 Nbd7 5. g3 Be7 6. Bg2 c6 7. Ne2 O-O 8. O-O
Qc7 9. c4 Re8 10. Nbc3 Nf8 11. Ne4 Nxe4 12. Bxe4 Bh3 13. Bg2 Bxg2 14. Kxg2 Nd7
15. Qc2 Bf8 16. Rac1 Nf6 17. dxe5 dxe5 18. e4 Rad8 19. f3 Bc5 20. Rcd1 Qe7 21.
Rxd8 Rxd8 22. Rd1 Rxd1 23. Qxd1 Nd7 24. Qd2 f6 25. Bc3 Kf7 26. Nc1 Ke8 27. Nd3
Bd4 28. Bxd4 exd4 29. Qa5 Ne5 30. Nxe5 fxe5 31. Qxa7 Qb4 32. Qb8+ Kd7 33. Qxe5
Qd2+ 34. Kh3 Qh6+ 35. Kg4 Qg6+ 36. Kh3 Qh6+ 37. Kg4 Qg6+ 38. Kh3 d3 39. Qd4+
Qd6 40. Qxg7+ Kc8 41. Qa1 d2 42. Qd1 Qd4 43. Kg2 Qe3 44. Kf1 c5 45. g4 Kd7 46.
Qe2 Qd4 47. Qd1 Qe3 48. Qe2 Qd4 49. Qd1 Qd3+ 50. Kf2 Ke6 51. f4 Qd4+ 52. Kf3
Qd3+ 53. Kf2 Qd4+ 54. Kf3 Qd3+ 1/2-1/2

[Event "Open A"]
[Site "?"]
[Date "2008.08.25"]
[Round "4.19"]
[White "Drabek, V."]
[Black "Prochazka, P."]
[Result "1/2-1/2"]
[WhiteElo "2157"]
[BlackElo "1994"]
[PlyCount "65"]
[EventDate "2008.??.??"]
[SourceDate "2008.08.25"]

1. e4 d5 2. exd5 Nf6 3. d4 Bg4 4. f3 Bf5 5. c4 e6 6. dxe6 Nc6 7. Be3 Qe7 8. Bd3
Qxe6 9. Bxf5 Qxf5 10. Qd2 Nb4 11. Na3 O-O-O 12. Ne2 Nd3+ 13. Kf1 Re8 14. Ng3
Qg6 15. Rd1 Nxb2 16. Qxb2 Rxe3 17. Nb5 Re6 18. Nxa7+ Kb8 19. Nb5 Qg5 20. Qc1
Qxc1 21. Rxc1 c6 22. Nc3 Bb4 23. Nce4 Rd8 24. Nxf6 Rxf6 25. Ne4 Re6 26. Rd1 f5
27. Ng5 Re3 28. Kf2 Rde8 29. Kg3 Bd6+ 30. Kh3 R3e7 31. Kh4 Re2 32. Nf7 Bc7 33.
Kh3 1/2-1/2

[Event "Open A"]
[Site "?"]
[Date "2008.08.25"]
[Round "4.20"]
[White "Ptak, P."]
[Black "Moravec, V."]
[Result "1/2-1/2"]
[WhiteElo "2148"]
[BlackElo "1966"]
[PlyCount "117"]
[EventDate "2008.??.??"]
[SourceDate "2008.08.25"]

1. d4 d5 2. Nf3 c6 3. g3 Bg4 4. Ne5 Bh5 5. Bg2 e6 6. c4 Nd7 7. cxd5 Nxe5 8.
dxe5 cxd5 9. O-O Bc5 10. Nc3 a6 11. Qb3 Qb6 12. Qa4+ Qc6 13. Qh4 Bg6 14. Bd2
Qd7 15. Rac1 Ba7 16. Rfd1 Ne7 17. Bg5 Rc8 18. Bh3 Rc4 19. Qxc4 dxc4 20. Rxd7
Kxd7 21. Rd1+ Ke8 22. Bg2 h6 23. Bc1 Nc6 24. Bxc6+ bxc6 25. Rd6 Bb8 26. Rxc6
Kd7 27. Rxc4 Bxe5 28. Bf4 Bxf4 29. gxf4 Rb8 30. b3 Rb6 31. Kf1 Rc6 32. Rxc6
Kxc6 33. b4 Kd6 34. Ke1 e5 35. fxe5+ Kxe5 36. e3 Kf5 37. f3 f6 38. a4 Bh5 39.
Kf2 Ke5 40. Kg3 Be8 41. f4+ Ke6 42. e4 g5 43. h4 Bc6 44. b5 axb5 45. axb5 Bb7
46. hxg5 hxg5 47. fxg5 fxg5 48. Kg4 Ke5 49. Kxg5 Kd4 50. b6 Kc5 51. Nd5 Kc6 52.
Kf6 Kd6 53. Kf5 Bc6 54. Kf4 Bb7 55. Nc3 Kc5 56. Nd5 Kd6 57. Nb4 Kc5 58. e5 Kxb6
59. Kf5 1/2-1/2

[Event "Open A"]
[Site "?"]
[Date "2008.08.25"]
[Round "4.21"]
[White "Krasnay, P."]
[Black "Kaiser, R."]
[Result "0-1"]
[WhiteElo "2117"]
[BlackElo "1960"]
[PlyCount "104"]
[EventDate "2008.??.??"]

1. e4 c5 2. Nf3 Nc6 3. d4 cxd4 4. Nxd4 g6 5. Nc3 Bg7 6. Be3 Nf6 7. f3 O-O 8.
Bc4 Qb6 9. Bb3 Ng4 10. fxg4 Bxd4 11. Nd5 Qa5+ 12. c3 Bxe3 13. Nxe3 Qg5 14. Qd2
d6 15. O-O-O Bxg4 16. h4 Qh5 17. Rdf1 Ne5 18. Nd5 Rae8 19. Kb1 Kg7 20. Nf4 Qh6
21. Qd4 a6 22. h5 g5 23. Nd5 Kg8 24. Ne3 Be6 25. Bd5 Nc6 26. Qd2 Qg7 27. h6 Qg6
28. Ka1 Ne5 29. Nf5 Bxd5 30. exd5 b5 31. Nd4 Nc4 32. Qf2 Qe4 33. Qg3 Qe5 34.
Qd3 Qxd5 35. Rf5 Qxg2 36. Rb1 e5 37. Nf3 e4 38. Qd4 Re5 39. Nxe5 dxe5 40. Qd5
Qg4 41. Rf6 e3 42. Rbf1 e2 43. Rxf7 e1=Q+ 44. Rxe1 Rxf7 45. Qd8+ Rf8 46. Qd5+
Kh8 47. Qb7 Rg8 48. Rf1 Qe2 49. Rb1 g4 50. Qxa6 Qf3 51. Qxb5 Qf4 52. b3 Na3 0-1

[Event "OPEN A"]
[Site "?"]
[Date "2008.??.??"]
[Round "4.22"]
[White "Vevera, R."]
[Black "Vitous, M."]
[Result "1-0"]
[WhiteElo "2090"]
[BlackElo "1910"]
[PlyCount "67"]
[EventDate "2008.??.??"]

1. e4 c5 2. Nf3 d6 3. d4 cxd4 4. Nxd4 Nf6 5. Nc3 a6 6. Bg5 e6 7. f4 Nbd7 8. Qf3
Qc7 9. O-O-O b5 10. Bd3 Bb7 11. Rhe1 Be7 12. a3 Rc8 13. Qg3 h6 14. Qh3 Nc5 15.
Kb1 h5 16. Qf3 Ba8 17. f5 e5 18. Nb3 Nxb3 19. cxb3 Rb8 20. Rc1 Qd7 21. b4 a5
22. Nxb5 Bxe4 23. Rxe4 Rxb5 24. Bxf6 Bxf6 25. Bxb5 Qxb5 26. Rc8+ Bd8 27. f6
gxf6 28. bxa5 Ke7 29. Rb4 Qxa5 30. Rb7+ Ke6 31. Qb3+ Kf5 32. Rxf7 Kg6 33. Rd7
Qe1+ 34. Ka2 1-0

[Event "OPEN A"]
[Site "?"]
[Date "2008.??.??"]
[Round "4.23"]
[White "Matejovsky, O."]
[Black "Pavlicek, P."]
[Result "1/2-1/2"]
[WhiteElo "2014"]
[BlackElo "2086"]
[PlyCount "28"]
[EventDate "2008.??.??"]

1. b3 Nf6 2. Bb2 g6 3. e4 Bg7 4. e5 Nd5 5. c4 Nb6 6. d4 O-O 7. Nc3 d6 8. Nf3
Bg4 9. Nd5 Nc6 10. Be2 Bxf3 11. Bxf3 dxe5 12. Nxb6 axb6 13. Bxc6 bxc6 14. dxe5
Qxd1+ 1/2-1/2

[Event "OPEN A"]
[Site "?"]
[Date "2008.??.??"]
[Round "4.24"]
[White "Dvorak, M."]
[Black "Fikr, L."]
[Result "1-0"]
[WhiteElo "2001"]
[BlackElo "2037"]
[PlyCount "119"]
[EventDate "2008.??.??"]

1. e4 c5 2. Nf3 d6 3. d4 cxd4 4. Nxd4 Nf6 5. Nc3 a6 6. Be3 e6 7. a4 Be7 8. Be2
O-O 9. O-O Nc6 10. Kh1 Re8 11. f4 Qc7 12. Nb3 b6 13. Bf3 Bb7 14. g4 Nd7 15. g5
Nc5 16. Qe1 Nb4 17. Qd2 Rad8 18. Nd4 Nc6 19. Qg2 Bf8 20. Rae1 g6 21. f5 Ne5 22.
fxe6 fxe6 23. Bg4 Nxg4 24. Qxg4 e5 25. Nde2 Bg7 26. Kg1 Ne6 27. Rd1 b5 28. axb5
axb5 29. Nxb5 Qc6 30. Nbc3 Qc4 31. Ra1 d5 32. Ra4 Qc7 33. exd5 Bxd5 34. Nxd5
Rxd5 35. Nc3 Ra5 36. Rxa5 Qxa5 37. Qc4 Kh8 38. Qc6 Qd8 39. Rf7 Nxg5 40. Rd7
Nf3+ 41. Kf2 Qh4+ 42. Kxf3 Qxh2 43. Qb7 Rf8+ 44. Rf7 Qh5+ 45. Kg3 Rg8 46. Qf3
Qxf3+ 47. Kxf3 Rb8 48. b3 Kg8 49. Rc7 Rb4 50. Ne4 h6 51. Bc5 Rb5 52. b4 h5 53.
Nd6 Rb8 54. Rc8+ Rxc8 55. Nxc8 Kf7 56. b5 g5 57. b6 g4+ 58. Kg3 Bh6 59. b7 Bg5
60. b8=Q 1-0

[Event "OPEN A"]
[Site "?"]
[Date "2008.08.25"]
[Round "4.25"]
[White "Havrlik, P."]
[Black "Boucek, V."]
[Result "0-1"]
[WhiteElo "1965"]
[BlackElo "2017"]
[PlyCount "74"]
[EventDate "2008.08.23"]
[SourceDate "2008.08.25"]

1. c4 e5 2. Nf3 d6 3. d4 Qe7 4. Nc3 c6 5. e4 f6 6. Be3 g6 7. dxe5 dxe5 8. Qa4
Kf7 9. c5 Bh6 10. Bc4+ Kg7 11. Bxh6+ Nxh6 12. b4 Be6 13. Bxe6 Qxe6 14. O-O Na6
15. a3 Rhd8 16. Rfd1 Qc4 17. Qc2 Nc7 18. Nd2 Qe6 19. Nf3 Nf7 20. h3 Qe7 21.
Rxd8 Rxd8 22. Rd1 a5 23. Rxd8 Nxd8 24. Qd2 axb4 25. axb4 Na6 26. Na4 Ne6 27.
Qc3 Qd7 28. Qc4 Nf4 29. Nb2 Qf7 30. Qxf7+ Kxf7 31. Nc4 Ke6 32. Na5 Nxb4 33.
Nxb7 Nfd3 34. Nd2 Na6 35. Nb3 Kd7 36. Kf1 Kc7 37. Ke2 Nf4+ 0-1

[Event "OPEN A"]
[Site "?"]
[Date "2008.08.25"]
[Round "4.26"]
[White "Tejkal, J."]
[Black "Zdenek, P."]
[Result "1-0"]
[WhiteElo "2015"]
[BlackElo "1775"]
[PlyCount "86"]
[EventDate "2008.08.23"]
[SourceDate "2008.08.25"]

1. d4 Nf6 2. Nf3 e6 3. Bf4 b6 4. e3 Bb7 5. Bg3 d5 6. Nbd2 c5 7. Bxb8 Rxb8 8.
Bb5+ Ke7 9. Ne5 Qc7 10. c3 a6 11. Bd3 Ke8 12. f4 c4 13. Bc2 Bd6 14. Qf3 g6 15.
O-O b5 16. a3 Rf8 17. Rfe1 Ng8 18. Qh3 f5 19. g4 Nf6 20. gxf5 gxf5 21. Ndf3
Qg7+ 22. Kf2 Bxe5 23. Nxe5 h5 24. Rg1 Ng4+ 25. Ke2 Rh8 26. Qh4 Qh6 27. h3 Nxe5
28. dxe5 Kf7 29. Rg5 Rbg8 30. Rag1 Rxg5 31. Rxg5 Bc6 32. Kf2 Be8 33. Bxf5 exf5
34. Rxf5+ Kg8 35. Qe7 Bg6 36. Qe6+ Kh7 37. Rf6 Re8 38. Rf7+ Bxf7 39. Qxf7+ Qg7
40. Qxe8 Kh6 41. Qe6+ Kh7 42. Qf5+ Kh6 43. h4 a5 1-0

[Event "OPEN A"]
[Site "?"]
[Date "2008.??.??"]
[Round "4.27"]
[White "Halla, J."]
[Black "Siktanc, P."]
[Result "0-1"]
[WhiteElo "1834"]
[BlackElo "2197"]
[PlyCount "131"]
[EventDate "2008.??.??"]

1. b3 d5 2. Bb2 Bg4 3. f4 Nc6 4. h3 Bh5 5. g4 e6 6. Nf3 Bg6 7. e3 h5 8. g5 h4
9. Be2 Nge7 10. Ne5 Nxe5 11. Bxe5 Nc6 12. Rg1 Nxe5 13. fxe5 Be7 14. Bd3 Bxd3
15. cxd3 g6 16. Qg4 Rh5 17. Qf3 Rxg5 18. Rxg5 Bxg5 19. d4 Qe7 20. Nc3 O-O-O 21.
Ke2 Kb8 22. Rf1 Rd7 23. Qg4 Bh6 24. Rg1 Qd8 25. Qf3 a6 26. Rg4 Ka7 27. Qf2 Bg5
28. Qg2 Be7 29. Qf2 Qe8 30. Rf4 Bd8 31. Ke1 Qg8 32. Qf1 g5 33. Rg4 Qg6 34. Ke2
f5 35. exf6 Bxf6 36. Qb1 Qg7 37. Qg1 c6 38. Na4 Re7 39. Kd1 Qh7 40. Kc1 Rf7 41.
Nc5 Qf5 42. e4 dxe4 43. Nxe4 Bd8 44. Nd6 Qf1+ 45. Kc2 Qxg1 46. Rxg1 Rf3 47. Ne4
Rxh3 48. Nxg5 Rg3 49. Rxg3 hxg3 50. Nf3 Bc7 51. Kd3 Kb6 52. Ke2 Bf4 53. d3 Kc7
54. Ng1 Kd7 55. Kf3 Bc7 56. Ne2 Kd6 57. Kxg3 Kd5+ 58. Kf3 a5 59. Ke3 b5 60.
Nc3+ Kd6 61. Ne4+ Ke7 62. Nc5 Bb6 63. a3 e5 64. b4 exd4+ 65. Kxd4 Bxc5+ 66.
bxc5 0-1

[Event "OPEN A"]
[Site "?"]
[Date "2008.??.??"]
[Round "4.28"]
[White "Beil, M."]
[Black "Muzikar, M."]
[Result "1-0"]
[WhiteElo "2208"]
[BlackElo "1837"]
[PlyCount "47"]
[EventDate "2008.??.??"]

1. d4 d5 2. c4 e6 3. Nc3 Nf6 4. Bg5 Nbd7 5. e3 c6 6. cxd5 exd5 7. Bd3 Bd6 8. f4
O-O 9. Nf3 Qb6 10. Qc2 h6 11. Bh4 Ng4 12. Qe2 Re8 13. Ne5 Ndxe5 14. fxe5 Bxe5
15. dxe5 Rxe5 16. O-O-O Nxe3 17. Rde1 d4 18. Ne4 f5 19. Nd2 Be6 20. Kb1 Rd8 21.
Bg3 Ra5 22. Nc4 Bxc4 23. Bxc4+ Kh8 24. Bb3 {dale necitelne} 1-0

[Event "Open A"]
[Site "?"]
[Date "2008.08.25"]
[Round "4.29"]
[White "Horyna"]
[Black "Galandauer"]
[Result "1/2-1/2"]
[WhiteElo "1941"]
[BlackElo "2123"]
[PlyCount "134"]
[EventDate "2008.??.??"]
[SourceDate "2008.08.25"]

1. d4 d5 2. c4 Nc6 3. e3 e5 4. dxe5 d4 5. Nf3 Bb4+ 6. Bd2 dxe3 7. fxe3 Bg4 8.
Be2 Bxf3 9. Bxf3 Qh4+ 10. g3 Qxc4 11. a3 Bxd2+ 12. Nxd2 Qd3 13. Bxc6+ bxc6 14.
Qe2 O-O-O 15. Qxd3 Rxd3 16. Ke2 Rd5 17. Rhf1 Nh6 18. Nf3 Rhd8 19. Rac1 c5 20.
e4 Rd3 21. Rxc5 Rb3 22. Rfc1 Rxb2+ 23. R1c2 Rxc2+ 24. Rxc2 Re8 25. h3 Re6 26.
Kd3 Ra6 27. Rc3 Ra5 28. g4 Kd7 29. Ke3 Ng8 30. Kf4 Ne7 31. Rd3+ Ke8 32. Ke3 Ng6
33. Rc3 Kd7 34. Rd3+ Kc8 35. e6 fxe6 36. Nd4 Ne5 37. Rc3 Kd7 38. Nc2 c5 39. Kf4
Kd6 40. Rb3 Nc4 41. h4 Ne5 42. Rb7 Nd7 43. Rb1 Ra4 44. g5 Rc4 45. Rd1+ Kc6 46.
Rd2 e5+ 47. Kf3 Rc3+ 48. Kg4 g6 49. h5 Nf8 50. hxg6 hxg6 51. Rf2 Ne6 52. Rf6
Kd6 53. Rf2 Nf4 54. Rd2+ Kc6 55. Ne1 Rxa3 56. Nf3 Rxf3 57. Kxf3 a5 58. Ke3 c4
59. Rd8 Kc5 60. Ra8 Kb4 61. Rb8+ Ka4 62. Kd2 Ne6 63. Kc3 Nxg5 64. Kxc4 Nxe4 65.
Rb2 Ka3 66. Re2 Nd6+ 67. Kd5 Nb5 1/2-1/2

[Event "OPEN A"]
[Site "?"]
[Date "2008.08.25"]
[Round "4.30"]
[White "Stepanek, S."]
[Black "Benak, J."]
[Result "0-1"]
[WhiteElo "2044"]
[BlackElo "1827"]
[PlyCount "42"]
[EventDate "2008.08.23"]
[SourceDate "2008.08.25"]

1. e4 e5 2. Nf3 Nf6 3. Nc3 Nc6 4. Bc4 Nxe4 5. Bxf7+ Kxf7 6. Nxe4 d5 7. Ng3 Be7
8. d3 Rf8 9. Qe2 Kg8 10. Bd2 Bg4 11. h3 Bxf3 12. gxf3 Nd4 13. Qd1 Nxf3+ 14. Kf1
Nxd2+ 15. Qxd2 Bc5 16. Rh2 Qh4 17. Nh1 Rf3 18. Kg2 Raf8 19. Rf1 Be3 20. Qd1
Qg5+ 21. Ng3 Rxf2+ 0-1

[Event "OPEN A"]
[Site "?"]
[Date "2008.08.25"]
[Round "4.31"]
[White "Schmalz, M."]
[Black "Hampel, R."]
[Result "1-0"]
[WhiteElo "1993"]
[BlackElo "1826"]
[PlyCount "51"]
[EventDate "2008.08.23"]
[SourceDate "2008.08.25"]

1. e4 c5 2. Nf3 e6 3. d4 cxd4 4. Nxd4 Nf6 5. Nc3 Nc6 6. Nb3 Bb4 7. Bd3 O-O 8.
Bd2 Ne5 9. O-O Nxd3 10. cxd3 Bd6 11. d4 Bb8 12. Bg5 h6 13. Bh4 g5 14. Bg3 d6
15. f4 Kg7 16. fxg5 hxg5 17. e5 Ne8 18. Qg4 Rg8 19. Rf3 Kf8 20. Raf1 Rg7 21.
Ne4 d5 22. Nxg5 Rxg5 23. Rxf7+ Kg8 24. Rf8+ Kg7 25. R1f7+ Kg6 26. Qh4 1-0

[Event "Open A"]
[Site "?"]
[Date "2008.08.25"]
[Round "4.32"]
[White "Cervenka, P."]
[Black "Vorackova, J."]
[Result "1-0"]
[WhiteElo "1985"]
[BlackElo "1905"]
[PlyCount "83"]
[EventDate "2008.??.??"]
[SourceDate "2008.08.25"]

1. e4 c6 2. d4 d5 3. exd5 cxd5 4. c4 Nf6 5. Nc3 Nc6 6. Bf4 e6 7. c5 b6 8. Nb5
e5 9. dxe5 Ne4 10. Nd6+ Bxd6 11. cxd6 Be6 12. Bb5 Qd7 13. Rc1 Rc8 14. Ne2 Qb7
15. f3 Nc5 16. Nd4 Bd7 17. Nxc6 Bxc6 18. Qxd5 O-O 19. Bxc6 Qxc6 20. Qxc6 Rxc6
21. Kd2 Rfc8 22. b4 Ne6 23. Rxc6 Rxc6 24. Bg3 Kf8 25. Rc1 Rxc1 26. Kxc1 Ke8 27.
Kd2 Kd7 28. Kd3 Kc6 29. Ke4 g6 30. f4 Ng7 31. Be1 h5 32. h3 Nf5 33. g4 hxg4 34.
hxg4 Nh6 35. b5+ Kd7 36. f5 Nxg4 37. fxg6 fxg6 38. Bg3 Nh6 39. Kd5 Nf5 40. e6+
Kc8 41. Bf4 Ng7 42. d7+ 1-0